Reimagining the Library of the Future (Record no. 34349)

MARC details
000 -LEADER
fixed length control field 00542nam a2200181Ia 4500
020 ## - INTERNATIONAL STANDARD BOOK NUMBER
ISBN 9781951541989
050 ## - CALL MARK
Classification number Z 679 .L48/
100 ## - STATEMENT OF RESPONSIBILITY--MAIN AUTHOR NAME
Personal name Lehmann, Steffen
245 #0 - TITLE STATEMENT
Title Reimagining the Library of the Future
260 ## - PUBLICATION, DISTRIBUTION, ETC. (IMPRINT)
Place of publication California
260 ## - PUBLICATION, DISTRIBUTION, ETC. (IMPRINT)
Name of publisher ORO Editions
260 ## - PUBLICATION, DISTRIBUTION, ETC. (IMPRINT)
Year of publication 2023
300 ## - PHYSICAL DESCRIPTION
Number of Pages 354 p
650 ## - SUBJECT ADDED ENTRY--TOPICAL TERM
Topical Term Library architecture. Libraries--Designs and plans. Library buildings--Designs and plans. Architecture, Modern--21st century.
942 ## - ADDED ENTRY ELEMENTS (KOHA)
Koha item type Books
Holdings
Withdrawn status Lost status Source of classification or shelving scheme Damaged status Not for loan Permanent Location Current Location Shelving location Date acquired Accession Number Price effective from Koha item type
    Library of Congress Classification     NILE UNIVERSITY OF NIGERIA - MAIN LIBRARY NILE UNIVERSITY OF NIGERIA - MAIN LIBRARY Items on shelf 04/23/2025 0196159 04/23/2025 Books